• 首页
  • 本馆介绍
  • 公告通知
  • 最新文献
  • 馆藏检索
  • 电子资源
  • 读者导购
  • 参考咨询
  • 我的图书馆
  • 登录
  • 详细信息显示
  • 放入我的书架
  • 预约/预借图书
  • 作者相关作品
  • 分类相关作品
  • 丛书相关作品
  • 出版社相关作品

书目信息

  • 表格格式
  • 工作单格式
  • 卡片格式
题名:
少数民族舞蹈的舞风文韵
    
 
作者: 贾安林 著
分册:  
出版信息: 上海   上海音乐出版社  2012.09
页数: 253页
开本: 23cm
丛书名: 北京舞蹈学院舞蹈学学科建设丛书
单 册:
中图分类: J722.22
科图分类:
主题词: 少数民族--民族舞蹈--文化研究--中国 , 少数民族 , 民族舞蹈 , 文化研究
电子资源:
ISBN: 978-7-5523-0061-1
000 01176oam2 2200325 450
001 010700142623
005 20140612095846.56
010    @a978-7-5523-0061-1@dCNY49.00
100    @a20121130d2012 em y0chiy50 ea
101 0  @achi@eeng
102    @aCN@b310000
105    @aag z 000yy
106    @ar
200 1  @a少数民族舞蹈的舞风文韵@9shao shu min zu wu dao de wu feng wen yun@f贾安林著
210    @a上海@c上海音乐出版社@d2012.09
215    @a253页@c图,照片@d23cm
225 2  @a北京舞蹈学院舞蹈学学科建设丛书
300    @a教育部国家级特色专业建设项目 北京市教委特色专业建设项目
312    @a封面英文题名:The dance culture of Chinese ethnic minorties
330    @a本书主要阐述了景颇族、纳西族、云南彝族舞蹈的文化形态,以及它们的历史源流、宗教信仰、存在方式、艺术特色和动作风格等内容。
461  0 @12001 @a北京舞蹈学院舞蹈学学科建设丛书
510 1  @aDance culture of Chinese ethnic minorties@zeng
606 0  @a少数民族@x民族舞蹈@x文化研究@y中国
606 0  @a少数民族
606 0  @a民族舞蹈
606 0  @a文化研究
690    @aJ722.22@v5
701  0 @a贾安林@9jia an lin@4著
801  0 @aCN@bRENTIAN@c20121130
905    @b549172-74@dJ722.22@e130@f3
    
    少数民族舞蹈的舞风文韵/贾安林著.-上海:上海音乐出版社,2012.09
    253页:图,照片;23cm.-(北京舞蹈学院舞蹈学学科建设丛书)
    教育部国家级特色专业建设项目 北京市教委特色专业建设项目
    
    ISBN 978-7-5523-0061-1:CNY49.00
    本书主要阐述了景颇族、纳西族、云南彝族舞蹈的文化形态,以及它们的历史源流、宗教信仰、存在方式、艺术特色和动作风格等内容。
●
相关链接 在E读中查询图书 在五车中查询图书 在当当中查询图书 在豆瓣中查询图书


正题名:少数民族舞蹈的舞风文韵     索取号:J722.22/130         预约/预借

序号 登录号 条形码 馆藏地/架位号 状态 备注
1 549172   205491724   第一样本阅览室/ [索取号:J722.22/130] 在馆    
2 549173   205491733   第一借阅区/ [索取号:J722.22/130] 在馆    
3 549174   205491742   密集书库-音乐系/ [索取号:J722.22/130] 在馆    
唐山师范学院图书馆 欢迎您!
大连网信软件有限公司© 版权所有